000 00383nam a22001457a 4500
005 20241203123017.0
008 241203b |||||||| |||| 00| 0 eng d
020 _a9789988098834
050 _aREF CT 25 OBE
_b1
100 _aObeng, E. Letitia
245 _aA silent heritage:
_bAn authobiography
260 _aUnited kingdom
_bGoldsear
_c2008
300 _ax,569p
942 _2lcc
_cBK
_n0
999 _c1941
_d1941